Popularne zagraniczne piosenki w Polsce. 23-29.07 Spotify - Statystyki

Ogólne statystyki
  • Ten quiz został rozwiązany 6 razy
  • Średni wynik to 6 z 30
Statystyki odpowiedzi
Wykonawca Odsłuchania Utwór % Poprawnych
Maneskin 697K Beggin'
67%
Maneskin 913K I WANNA BE YOUR SLAVE
50%
Lil Nas X 404K MONTERO (Call Me By Your Name
50%
Ed Sheeran 758K Bad Habits
33%
Olivia Rodrigo 458K good 4 u
33%
Dua Lipa, DaBaby 377K Levitating
33%
Doja Cat 337K Need To Know
33%
Justin Bieber, Daniel Caesar, Giveon 263K Peaches
33%
The Weeknd, Ariana Grande 313K Save Your Tears (Remix)
33%
The Kid LAROI, Justin Bieber 421K Stay
33%
Olivia Addams 380K Stranger
33%
Tiesto 277K The Business
33%
The Weeknd 243K Blinding Lights
17%
Imagine Dragons 257K Follow You
17%
Surf Curse 260K Freaks
17%
Riton, Nightcrawlers, Mufasa, Hypeman 490K Friday
17%
Doja Cat, SZA 312K Kiss Me More
17%
Dua Lipa 341K Love Again
17%
OneRepublic 315K Run
17%
Maneskin 347K ZITTI E BUONI
17%
Masked Wolf 263K Astronaut In The Ocean
0%
Kris Kross Amsterdam, Shaggy, Conor Maynard 244K Early In The Morning
0%
Lil Nas X, Jack Harlow 346K INDUSTRY BABY
0%
Marshmello, Jonas Brothers 240K Leave Before You Love Me
0%
Tom Grennan 288K Little Bit of Love
0%
Kungs 477K Never Going Home
0%
Minelli 437K Rampampam
0%
Majestic, Boney M. 299K Rasputin
0%
Ofenbach, Lagique 238K Wasted Love
0%
ATB, Topic, A7S 250K Your Love (9PM)
0%
Nie znaleziono quizów pasujących do podanych kryteriów
Rozkład punktacji
Procent ludzi z każdym wynikiem
Percentyl według liczby udzielonych odpowiedzi
Twoja historia wyników
Nie rozwiązałeś tego quizu